Despite drop in auction sales, yields remain stable (Record no. 79715)

MARC details
000 -LEADER
fixed length control field 00945cab a22001935a 4500
001 - CONTROL NUMBER
control field L142050
008 - FIXED-LENGTH DATA ELEMENTS--GENERAL INFORMATION
fixed length control field 080123e20080118xxkad f s 000 0 eng d
035 ## - SYSTEM CONTROL NUMBER
System control number (Sirsi) u142050
041 0# - LANGUAGE CODE
Language code of text/sound track or separate title eng
100 1# - MAIN ENTRY--PERSONAL NAME
Personal name Phillips, Mike
245 00 - TITLE STATEMENT
Title Despite drop in auction sales, yields remain stable
260 ## - PUBLICATION, DISTRIBUTION, ETC.
Date of publication, distribution, etc. 2008
490 #0 - SERIES STATEMENT
Series statement Property Week
Volume/sequential designation 73(3) 18 January 2008, 28(1)
520 ## - SUMMARY, ETC.
Summary, etc. Reviews the number of commercial properties offered and sold at auction in quarter four 2007 using data from Jones Lang Lasalle's Auction Results. Presents data for yields in quarter four 2007. Finds that less properties are being sold, but those that are bring good prices. Finds yields remained stable with average yields rising four base points. Notes this is contrary to evidence from IPD which reported sharp price falls.
590 ## - LOCAL NOTE (RLIN)
Local note KA
651 #4 - SUBJECT ADDED ENTRY--GEOGRAPHIC NAME
Geographic name United Kingdom
Chronological subdivision
690 ## - LOCAL SUBJECT ADDED ENTRY--TOPICAL TERM (OCLC, RLIN)
Topical term or geographic name as entry element PROPERTY-COMMERCIAL PROPERTY-COMMERCIAL PROPERTY MARKET
942 ## - ADDED ENTRY ELEMENTS (KOHA)
Suppress in OPAC 0
Holdings
Withdrawn status Lost status Source of classification or shelving scheme Damaged status Not for loan Home library Current library Shelving location Date acquired Total Checkouts Full call number Barcode Date last seen Copy number Price effective from Koha item type
    Dewey Decimal Classification     London London Journal article 23/01/2008   L142050 142050-1001 06/08/2019 1 06/08/2019 Journal article